[Event "VL 2017/18"]
[Site "Mecklenburg-Vorpommern"]
[Date "2017.12.10"]
[Round "4.3"]
[White "Hamann, Dirk"]
[Black "Luther, Alexander"]
[Result "1/2-1/2"]
[WhiteElo "1888"]
[BlackElo "1973"]
[PlyCount "117"]
[EventDate "2017.??.??"]
[EventType "team-tourn"]
[EventRounds "9"]
[SourceDate "2017.10.08"]
[WhiteTeam "SFO Warnemuende"]
[BlackTeam "SG Guestrow/Teterow"]

1. e4 c5 2. Nf3 d6 3. d4 cxd4 4. Nxd4 Nf6 5. Nc3 a6 6. Be2 Nbd7 7. O-O e6 8.
Kh1 b5 9. Be3 Bb7 10. f3 Be7 11. Qe1 O-O 12. Nb3 d5 13. exd5 Nxd5 14. Nxd5 Bxd5
15. Rd1 Qc7 16. c3 Bf6 17. f4 Nb6 18. Bf3 Bxf3 19. Rxf3 Nd5 20. Bc1 Rfd8 21. f5
exf5 22. Rxf5 Ne7 23. Rf3 Ng6 24. Rfd3 Ne5 25. Rxd8+ Rxd8 26. Bf4 Rxd1 27. Qxd1
Qd7 28. Qxd7 Nxd7 29. Kg1 Ne5 30. Bxe5 Bxe5 31. h3 f5 32. Kf2 Kf7 33. Ke3 g5
34. Nc5 a5 35. a4 bxa4 36. Nxa4 h5 37. c4 Ke6 38. b3 Kd6 39. Nb6 Bg7 40. Nd5
Kc5 41. Ne7 Kb4 42. Nc6+ Kxb3 43. Nxa5+ Kb4 44. Nc6+ Kxc4 45. Ne7 f4+ 46. Ke4
Bf6 47. Nf5 Bc3 48. h4 gxh4 49. Nxh4 Be1 50. Ng6 f3 51. Ne5+ Kc5 52. Nxf3 Bc3
53. Kf5 Kd5 54. Kg5 Ke6 55. Kxh5 Kf7 56. Ng5+ Kg7 57. g4 Bd2 58. Ne4 Bc1 59. g5
1/2-1/2

[Event "VL 2017/18"]
[Site "Mecklenburg-Vorpommern"]
[Date "2017.12.10"]
[Round "4.4"]
[White "Dettmann, Holger"]
[Black "Boecking, Uwe"]
[Result "1/2-1/2"]
[WhiteElo "1915"]
[BlackElo "1719"]
[PlyCount "56"]
[EventDate "2017.??.??"]
[EventType "team-tourn"]
[EventRounds "9"]
[SourceDate "2017.10.08"]
[WhiteTeam "SG Guestrow/Teterow"]
[BlackTeam "SFO Warnemuende"]

1. d4 Nf6 2. Bf4 d5 3. e3 Bf5 4. Bd3 Bg6 5. Nf3 e6 6. Ne5 Nh5 7. Nd2 Nxf4 8.
exf4 Bxd3 9. Nxd3 Nc6 10. c3 Bd6 11. Qg4 Qf6 12. Ne5 Bxe5 13. fxe5 Qg6 14. Qxg6
hxg6 15. f4 Ke7 16. Nf3 a5 17. O-O a4 18. b4 b5 19. Ne1 Kd7 20. Nd3 Raf8 21.
Rf3 Ne7 22. g4 Rh4 23. h3 Rfh8 24. Kg2 c6 25. Raf1 R4h6 26. Rg3 R6h7 27. Rff3
Rf8 28. Re3 Rfh8 1/2-1/2

[Event "VL 2017/18"]
[Site "Mecklenburg-Vorpommern"]
[Date "2017.12.10"]
[Round "4.5"]
[White "Herholz, Holger"]
[Black "Kiel, Bernd"]
[Result "1/2-1/2"]
[WhiteElo "1766"]
[BlackElo "1892"]
[PlyCount "51"]
[EventDate "2017.??.??"]
[EventType "team-tourn"]
[EventRounds "9"]
[SourceDate "2017.10.08"]
[WhiteTeam "SFO Warnemuende"]
[BlackTeam "SG Guestrow/Teterow"]

1. d4 Nf6 2. c4 g6 3. Nc3 d5 4. e3 Bg7 5. cxd5 Nxd5 6. Bc4 Nxc3 7. bxc3 O-O 8.
Nf3 c5 9. O-O Qc7 10. Qb3 Nc6 11. Be2 Be6 12. Qa4 a6 13. Bd2 b5 14. Qc2 Na5 15.
Rac1 Bc4 16. Bxc4 Nxc4 17. Rfd1 Rfd8 18. a4 Rd7 19. axb5 axb5 20. Ra1 Rdd8 21.
Rxa8 Rxa8 22. Rc1 Ra3 23. Rb1 Qa5 24. Be1 h6 25. g3 e6 26. Nd2 1/2-1/2

[Event "VL 2017/18"]
[Site "Mecklenburg-Vorpommern"]
[Date "2017.12.10"]
[Round "4.6"]
[White "Hornecker, Siegfried"]
[Black "Staben, Norbert"]
[Result "1/2-1/2"]
[WhiteElo "1872"]
[BlackElo "1706"]
[PlyCount "22"]
[EventDate "2017.??.??"]
[EventType "team-tourn"]
[EventRounds "9"]
[SourceDate "2017.10.08"]
[WhiteTeam "SG Guestrow/Teterow"]
[BlackTeam "SFO Warnemuende"]

1. e4 c5 2. Nf3 Nc6 3. Bc4 e6 4. Qe2 Be7 5. Nc3 a6 6. a4 d6 7. O-O Nf6 8. Rd1
Nd4 9. Qd3 Nc6 10. Qe2 Nd4 11. Qd3 Nc6 1/2-1/2

[Event "VL 2017/18"]
[Site "Mecklenburg-Vorpommern"]
[Date "2017.12.10"]
[Round "4.7"]
[White "Schmidt, Reinhard"]
[Black "Ebert, Lutz"]
[Result "1-0"]
[WhiteElo "1773"]
[BlackElo "1723"]
[PlyCount "91"]
[EventDate "2017.??.??"]
[EventType "team-tourn"]
[EventRounds "9"]
[SourceDate "2017.10.08"]
[WhiteTeam "SFO Warnemuende"]
[BlackTeam "SG Guestrow/Teterow"]

1. e4 e5 2. Bc4 Be7 3. Nc3 Nf6 4. d3 d6 5. f4 exf4 6. Bxf4 O-O 7. Nf3 Be6 8.
Bb3 Bxb3 9. axb3 a6 10. O-O c5 11. Qd2 Nc6 12. Rae1 b5 13. h3 b4 14. Na4 Nd7
15. Qf2 Nde5 16. Nxe5 Nxe5 17. Nxc5 Ng6 18. Na4 Rc8 19. Be3 Rc6 20. Nb6 Bh4 21.
g3 Bf6 22. Nc4 Qc8 23. Qf5 Ne5 24. Bd2 Nxc4 25. bxc4 Qxf5 26. Rxf5 Rb6 27. b3
Bd4+ 28. Be3 Bxe3+ 29. Rxe3 f6 30. Re1 g6 31. Ra5 Kf7 32. Rea1 Ra8 33. Kf2 Ke6
34. Ke3 h5 35. h4 Kd7 36. d4 Ke6 37. c5 dxc5 38. Rxc5 Rd8 39. Ra4 Ra8 40. Kd3
Kd6 41. Raa5 Ke6 42. Kc4 Rd8 43. Rc7 Kd6 44. Rg7 Rc6+ 45. Rc5 a5 46. e5+ 1-0

[Event "VL 2017/18"]
[Site "Mecklenburg-Vorpommern"]
[Date "2017.12.10"]
[Round "4.8"]
[White "Armbruester, Clemens"]
[Black "Staben, Thomas"]
[Result "1/2-1/2"]
[WhiteElo "1706"]
[BlackElo "1590"]
[PlyCount "61"]
[EventDate "2017.??.??"]
[EventType "team-tourn"]
[EventRounds "9"]
[SourceDate "2017.10.08"]
[WhiteTeam "SG Guestrow/Teterow"]
[BlackTeam "SFO Warnemuende"]

1. d4 Nf6 2. c4 c6 3. Nf3 d5 4. e3 g6 5. Nc3 Bg7 6. Bd3 O-O 7. O-O Nbd7 8. cxd5
cxd5 9. Bd2 b6 10. Rc1 a6 11. Qb3 Bb7 12. Rc2 Qb8 13. Rfc1 Qa7 14. Ne2 Rfc8 15.
Rc7 Rxc7 16. Rxc7 Rc8 17. Rxc8+ Bxc8 18. Bb4 Bf8 19. Qa3 e6 20. Bxf8 Nxf8 21.
Qd6 Ne8 22. Qd8 Bd7 23. Ne5 Qc7 24. Qxc7 Nxc7 25. Nxd7 Nxd7 26. Nc3 f6 27. Kf1
Kf7 28. Ke1 h6 29. Kd2 g5 30. f3 Ke7 31. b3 1/2-1/2

[Event "VL 2017/18"]
[Site "Mecklenburg-Vorpommern"]
[Date "2017.12.10"]
[Round "4.1"]
[White "Mangold, Thomas"]
[Black "Focke, Adrian"]
[Result "1/2-1/2"]
[WhiteElo "2002"]
[BlackElo "1900"]
[PlyCount "31"]
[EventDate "2017.??.??"]
[EventType "team-tourn"]
[EventRounds "9"]
[SourceDate "2017.10.08"]
[WhiteTeam "SSC Rostock 07"]
[BlackTeam "SF Schwerin III"]

1. g3 Nf6 2. Bg2 e6 3. Nf3 Be7 4. O-O O-O 5. d3 c5 6. e4 d6 7. a4 Nc6 8. c3 d5
9. Qc2 Qc7 10. Re1 dxe4 11. dxe4 e5 12. h3 h6 13. Nbd2 Be6 14. Nh4 Rfe8 15. Nf5
Bf8 16. Ne3 1/2-1/2

[Event "VL 2017/18"]
[Site "Mecklenburg-Vorpommern"]
[Date "2017.12.10"]
[Round "4.2"]
[White "Schumacher, Ole"]
[Black "Pererva, Viktor"]
[Result "0-1"]
[WhiteElo "1835"]
[BlackElo "2022"]
[PlyCount "112"]
[EventDate "2017.??.??"]
[EventType "team-tourn"]
[EventRounds "9"]
[SourceDate "2017.10.08"]
[WhiteTeam "SF Schwerin III"]
[BlackTeam "SSC Rostock 07"]

1. d4 d5 2. c4 c6 3. Nf3 Nf6 4. g3 Bf5 5. Bg2 e6 6. O-O h6 7. Qb3 Qb6 8. Qxb6
axb6 9. Nbd2 Nbd7 10. Re1 Ne4 11. Nxe4 Bxe4 12. Nd2 Bxg2 13. Kxg2 Bb4 14. cxd5
cxd5 15. a3 O-O 16. Rb1 Be7 17. e4 dxe4 18. Nxe4 Nf6 19. Bd2 Rfd8 20. Bc3 Nxe4
21. Rxe4 Bf6 22. Kf3 Rd5 23. Ke3 Rc8 24. f4 Kf8 25. Rc1 Rc6 26. Kd3 Ke8 27. Rd1
Kd7 28. Re2 b5 29. Red2 Be7 30. Rc2 Bd8 31. Rcd2 Bb6 32. Re1 Rcd6 33. Re5 f6
34. Rxd5 Rxd5 35. Re2 Ke7 36. g4 Kd7 37. Ke4 g6 38. Rf2 f5+ 39. gxf5 gxf5+ 40.
Kd3 Ke7 41. Rg2 Kf7 42. h4 h5 43. Rg5 Bd8 44. Rxh5 Kg7 45. Bb4 b6 46. Kc3 Bf6
47. Kb3 Kg6 48. Be7 Bxe7 49. Rh8 Rxd4 50. h5+ Kf7 51. Rb8 Bc5 52. Kc3 Rxf4 53.
b4 Bf2 54. Kd3 Rh4 55. Ke2 Bd4 56. Kd3 e5 0-1

[Event "VL 2017/18"]
[Site "Mecklenburg-Vorpommern"]
[Date "2017.12.10"]
[Round "4.3"]
[White "Tin, Sergey"]
[Black "Kross, Gunnar"]
[Result "1-0"]
[WhiteElo "2034"]
[BlackElo "1970"]
[PlyCount "117"]
[EventDate "2017.??.??"]
[EventType "team-tourn"]
[EventRounds "9"]
[SourceDate "2017.10.08"]
[WhiteTeam "SSC Rostock 07"]
[BlackTeam "SF Schwerin III"]

1. e4 c6 2. d4 d5 3. Nc3 dxe4 4. Nxe4 Nd7 5. Nf3 Ngf6 6. Bd3 Nxe4 7. Bxe4 Nf6
8. Bd3 Bg4 9. Be2 e6 10. O-O Bd6 11. h3 Bh5 12. b3 Nd5 13. Re1 Nc3 14. Qd3
Nxe2+ 15. Rxe2 Bc7 16. Bb2 Qf6 17. Re3 Bf4 18. Ree1 O-O-O 19. Ne5 Bg6 20. Nxg6
hxg6 21. Rad1 g5 22. Qf3 Rd5 23. g3 Rxh3 24. Qg2 Rh6 25. gxf4 gxf4 26. Qf3 g5
27. Bc1 Rf5 28. Kf1 Qh8 29. Ke2 Qg7 30. Rg1 Rh4 31. Rg4 e5 32. Rxh4 gxh4 33.
Qh3 Qf6 34. Bb2 e4 35. d5 Qg5 36. d6 Kd8 37. f3 Qh5 38. Qg4 Qxg4 39. fxg4 Rc5
40. c4 Kd7 41. Bf6 h3 42. g5 Rf5 43. Rh1 Kxd6 44. Rxh3 b5 45. cxb5 Rxb5 46. Rh7
Ke6 47. Rh8 Rc5 48. Rd8 a5 49. Rd1 Kf5 50. Bd8 Rc2+ 51. Rd2 Rc3 52. Rd7 Rc2+
53. Kd1 Rxa2 54. Rxf7+ Ke5 55. g6 f3 56. g7 Rg2 57. Rf8 Rg1+ 58. Kd2 Rg2+ 59.
Ke1 1-0

[Event "VL 2017/18"]
[Site "Mecklenburg-Vorpommern"]
[Date "2017.12.10"]
[Round "4.5"]
[White "Jeske, Holger"]
[Black "Kutschke, Peter"]
[Result "1-0"]
[WhiteElo "1832"]
[BlackElo "1933"]
[PlyCount "85"]
[EventDate "2017.??.??"]
[EventType "team-tourn"]
[EventRounds "9"]
[SourceDate "2017.10.08"]
[WhiteTeam "SSC Rostock 07"]
[BlackTeam "SF Schwerin III"]

1. d4 d5 2. Nf3 Bf5 3. e3 e6 4. Bd3 Bxd3 5. cxd3 c6 6. O-O Nd7 7. e4 h6 8. Nc3
Bd6 9. Qe2 Ne7 10. Be3 Qb6 11. Rac1 a5 12. e5 Bc7 13. Na4 Qa7 14. Nc5 Bb6 15.
g4 O-O-O 16. a3 Ng6 17. b4 Nxc5 18. dxc5 Bc7 19. d4 Qa6 20. Qc2 Kd7 21. Ne1
axb4 22. axb4 Ra8 23. Rb1 Qa4 24. Qe2 Qa6 25. b5 cxb5 26. Nc2 Ba5 27. Rxb5 Rhb8
28. Rfb1 Ne7 29. Qd3 Nc6 30. Qh7 Nb4 31. Na3 Rg8 32. Bd2 Rab8 33. Bxb4 Bxb4 34.
R1xb4 Qxa3 35. Rxb7+ Rxb7 36. Rxb7+ Kc8 37. Qxg8+ Kxb7 38. Qxf7+ Kc6 39. Qxe6+
Kb5 40. Qxd5 Qc1+ 41. Kg2 Qf4 42. h3 h5 43. c6+ 1-0

[Event "VL 2017/18"]
[Site "Mecklenburg-Vorpommern"]
[Date "2017.12.10"]
[Round "4.6"]
[White "Kupfernagel, Michael"]
[Black "Klippel, Jan"]
[Result "1/2-1/2"]
[WhiteElo "1935"]
[BlackElo "1983"]
[PlyCount "82"]
[EventDate "2017.??.??"]
[EventType "team-tourn"]
[EventRounds "9"]
[SourceDate "2017.10.08"]
[WhiteTeam "SF Schwerin III"]
[BlackTeam "SSC Rostock 07"]

1. d4 d5 2. Nc3 c6 3. e4 dxe4 4. Nxe4 Nd7 5. Bc4 Ngf6 6. Ng5 e6 7. Qe2 Nb6 8.
Bb3 h6 9. N5f3 c5 10. c3 Bd7 11. Be3 Nbd5 12. Ne5 Nxe3 13. fxe3 Bd6 14. Ngf3
Qc7 15. O-O O-O 16. Rac1 Bc6 17. Nxc6 Qxc6 18. Bc2 Ne4 19. Nd2 Nxd2 20. Qxd2
Qc7 21. g3 Rad8 22. Rf3 f5 23. Qe2 Rde8 24. Rcf1 g6 25. Bb3 Kg7 26. Bc2 Qb6 27.
Bb1 a6 28. g4 Qd8 29. Qg2 Qg5 30. h3 Rb8 31. a4 h5 32. gxh5 Qxg2+ 33. Kxg2 gxh5
34. Kf2 Kh6 35. Rg1 Rg8 36. Rxg8 Rxg8 37. e4 cxd4 38. cxd4 Rf8 39. exf5 exf5
40. Rxf5 Rxf5+ 41. Bxf5 b5 1/2-1/2

[Event "VL 2017/18"]
[Site "Mecklenburg-Vorpommern"]
[Date "2017.12.10"]
[Round "4.7"]
[White "Schulze, Christoph"]
[Black "Voll, Andreas"]
[Result "0-1"]
[WhiteElo "1613"]
[BlackElo "1819"]
[PlyCount "112"]
[EventDate "2017.??.??"]
[EventType "team-tourn"]
[EventRounds "9"]
[SourceDate "2017.10.08"]
[WhiteTeam "SSC Rostock 07"]
[BlackTeam "SF Schwerin III"]

1. e4 c5 2. Nf3 d6 3. d4 cxd4 4. Nxd4 Nf6 5. Nc3 a6 6. a4 g6 7. Bc4 Bg7 8. O-O
O-O 9. f3 Qc7 10. Qe2 Nc6 11. Nxc6 bxc6 12. Be3 Qa5 13. Bb3 Bb7 14. Bd2 Qc7 15.
a5 Nd7 16. Na4 c5 17. Bc3 Bc6 18. Bxg7 Kxg7 19. Nc3 Qa7 20. Kh1 Rab8 21. f4 Qb7
22. Rab1 Bb5 23. Nxb5 axb5 24. Bd5 Qc7 25. a6 Qa7 26. Ra1 c4 27. Qf2 Nc5 28.
Bb7 Rxb7 29. axb7 Qxb7 30. Rae1 Qc6 31. Qd4+ Kg8 32. f5 Nd7 33. Re2 Qc7 34. h3
Re8 35. Ref2 Rf8 36. Rf4 Qc5 37. Qd2 Qe5 38. c3 Kg7 39. fxg6 hxg6 40. Qf2 Nf6
41. Qd4 Nd7 42. R4f2 Kg8 43. Ra1 Qg5 44. Qd5 Ne5 45. Qd2 Qh5 46. Ra7 Nd3 47.
Re2 Qh4 48. Rb7 Ra8 49. Kh2 Ra1 50. g3 Qh5 51. Rxe7 Qf3 52. Rg2 Qf1 53. g4 Nf4
54. h4 Qf3 55. Re8+ Kh7 56. Rf2 Rh1# 0-1

[Event "VL 2017/18"]
[Site "Mecklenburg-Vorpommern"]
[Date "2017.12.10"]
[Round "4.8"]
[White "Zeeck, Detlef"]
[Black "Krautschick, Clemens"]
[Result "0-1"]
[WhiteElo "1668"]
[BlackElo "1831"]
[PlyCount "100"]
[EventDate "2017.??.??"]
[EventType "team-tourn"]
[EventRounds "9"]
[SourceDate "2017.10.08"]
[WhiteTeam "SF Schwerin III"]
[BlackTeam "SSC Rostock 07"]

1. d4 Nf6 2. Bf4 g6 3. e3 Bg7 4. Be2 d6 5. Nd2 c5 6. c3 cxd4 7. exd4 Nc6 8.
Ngf3 Qc7 9. O-O O-O 10. Re1 e5 11. dxe5 dxe5 12. Bg3 Nh5 13. Bh4 Be6 14. Ng5
Nf4 15. Nxe6 Nxe6 16. Bc4 Nf4 17. Qf3 Na5 18. Bf1 h6 19. Rad1 g5 20. Bg3 f5 21.
Bxf4 gxf4 22. Qd5+ Kh7 23. Nc4 Nxc4 24. Qxc4 Rac8 25. Qxc7 Rxc7 26. Rd5 a6 27.
Bd3 e4 28. Bb1 Kg6 29. g4 fxg3 30. hxg3 h5 31. Kg2 Re7 32. Red1 Rfe8 33. Re1
Bf6 34. Rc1 Re5 35. Rd7 R8e7 36. Rxe7 Bxe7 37. Rd1 h4 38. Rd7 hxg3 39. Kxg3 b6
40. Rd1 Re6 41. a3 Bd6+ 42. Kg2 Kg5 43. Ba2 Rh6 44. Re1 Kf4 45. Bb3 Rg6+ 46.
Kf1 Bc5 47. Re2 e3 48. fxe3+ Bxe3 49. Rg2 Rxg2 50. Kxg2 Bc1 {ZÜ} 0-1

[Event "VL 2017/18"]
[Site "Mecklenburg-Vorpommern"]
[Date "2017.12.10"]
[Round "4.1"]
[White "Hammel, Ralf"]
[Black "Schwahn, Christian"]
[Result "0-1"]
[WhiteElo "1917"]
[BlackElo "1950"]
[Annotator "richard"]
[PlyCount "58"]
[EventDate "2017.??.??"]
[EventType "team-tourn"]
[EventRounds "9"]
[SourceDate "2017.10.08"]
[WhiteTeam "HSG Uni Rostock"]
[BlackTeam "Greifswalder SV II"]

1. e4 c6 2. d4 d5 3. e5 Bf5 4. Nf3 e6 5. Be2 Nd7 6. Be3 Ne7 7. O-O h6 8. Nbd2
Ng6 9. h3 c5 10. c4 cxd4 11. Nxd4 Bc5 12. cxd5 Bxd4 13. Bxd4 exd5 14. f4 O-O
15. g4 Be4 16. Nxe4 dxe4 17. Qc2 Qh4 18. Kg2 f5 19. Bf2 $4 {(=)} (19. exf6 $18)
19... Nxf4+ 20. Kg1 Nxh3+ 21. Kg2 Nxf2 22. Rxf2 fxg4 23. Bc4+ Kh8 24. Rxf8+
Rxf8 25. Rh1 Qg5 26. e6 Ne5 27. Be2 Qf4 28. Rf1 Nf3 29. e7 Qh2# 0-1

[Event "VL 2017/18"]
[Site "Mecklenburg-Vorpommern"]
[Date "2017.12.10"]
[Round "4.2"]
[White "Sowada, Christoph"]
[Black "Ivanov, Sergey"]
[Result "1-0"]
[WhiteElo "1911"]
[BlackElo "1833"]
[PlyCount "23"]
[EventDate "2017.??.??"]
[EventType "team-tourn"]
[EventRounds "9"]
[SourceDate "2017.10.08"]
[WhiteTeam "Greifswalder SV II"]
[BlackTeam "HSG Uni Rostock"]

1. e4 c5 2. Nf3 g6 3. c3 Bg7 4. d4 cxd4 5. cxd4 d5 6. e5 Bg4 7. Nc3 e6 8. Qb3
Bxf3 9. Qxb7 Bxg2 10. Bxg2 Nd7 11. Nb5 Qb8 12. Qxa8 1-0

[Event "VL 2017/18"]
[Site "Mecklenburg-Vorpommern"]
[Date "2017.12.10"]
[Round "4.3"]
[White "Schwetlick, Thomas"]
[Black "Hertel, Johannes"]
[Result "1-0"]
[WhiteElo "1815"]
[BlackElo "1895"]
[PlyCount "69"]
[EventDate "2017.??.??"]
[EventType "team-tourn"]
[EventRounds "9"]
[SourceDate "2017.10.08"]
[WhiteTeam "HSG Uni Rostock"]
[BlackTeam "Greifswalder SV II"]

1. d4 Nf6 2. c4 e6 3. Nf3 c5 4. d5 exd5 5. cxd5 d6 6. Nc3 g6 7. e4 Bg7 8. Be2
O-O 9. O-O a6 10. a4 Bg4 11. h3 Bxf3 12. Bxf3 Nbd7 13. Bf4 Qe7 14. Qc2 Ne8 15.
Be2 Nc7 16. Rad1 f5 17. exf5 Rxf5 18. Bg3 Re8 19. Bg4 Rff8 20. Ne4 Ne5 21. Nxc5
Nxg4 22. hxg4 dxc5 23. d6 Qe2 24. Qxe2 Rxe2 25. dxc7 Bd4 26. b4 Rc2 27. bxc5
Bxc5 28. Rd8 Be7 29. Rd7 Bb4 30. Be5 Rf7 31. Rfd1 Be7 32. f4 Bc5+ 33. Kh2 Be7
34. Rxe7 Rxe7 35. Rd8+ 1-0

[Event "VL 2017/18"]
[Site "Mecklenburg-Vorpommern"]
[Date "2017.12.10"]
[Round "4.4"]
[White "Dombrowski, Frank"]
[Black "Sager, Bernd"]
[Result "1-0"]
[WhiteElo "1956"]
[BlackElo "1818"]
[PlyCount "79"]
[EventDate "2017.??.??"]
[EventType "team-tourn"]
[EventRounds "9"]
[SourceDate "2017.10.08"]
[WhiteTeam "Greifswalder SV II"]
[BlackTeam "HSG Uni Rostock"]

1. c3 d5 2. d4 e6 3. Bf4 Nf6 4. Nf3 c5 5. e3 Nc6 6. Nbd2 Be7 7. Be2 O-O 8. h3
b6 9. O-O Bb7 10. a3 Qd7 11. Ne5 Qc8 12. Ndf3 Nxe5 13. Nxe5 Ne8 14. Bd3 c4 15.
Bc2 f5 16. Qh5 Nf6 17. Qe2 Qe8 18. g4 Ne4 19. f3 Nd6 20. Qh2 Rd8 21. h4 g6 22.
Bh6 Nf7 23. Bxf8 Bxf8 24. Nxf7 Qxf7 25. Qg3 Bd6 26. f4 Qe7 27. Kf2 Rf8 28. Ke2
Bc8 29. Rh1 fxg4 30. h5 g5 31. Qxg4 e5 32. Qxg5+ Qxg5 33. fxg5 Bg4+ 34. Ke1 e4
35. Rf1 Bg3+ 36. Kd2 Bxh5 37. Rxf8+ Kxf8 38. Rf1+ Bf3 39. Bd1 Kg7 40. Bxf3 1-0

[Event "VL 2017/18"]
[Site "Mecklenburg-Vorpommern"]
[Date "2017.12.10"]
[Round "4.5"]
[White "Schroeder, Christian"]
[Black "Fromm, Marius"]
[Result "0-1"]
[WhiteElo "1741"]
[BlackElo "1787"]
[PlyCount "60"]
[EventDate "2017.??.??"]
[EventType "team-tourn"]
[EventRounds "9"]
[SourceDate "2017.10.08"]
[WhiteTeam "HSG Uni Rostock"]
[BlackTeam "Greifswalder SV II"]

1. c4 c5 2. g3 g6 3. Bg2 Bg7 4. e3 Nc6 5. Ne2 e5 6. O-O Nge7 7. Nbc3 O-O 8. b3
d6 9. d3 Be6 10. Bb2 d5 11. cxd5 Nxd5 12. Rc1 Ndb4 13. d4 cxd4 14. exd4 exd4
15. Nb5 Nxa2 16. Ra1 Nc3 17. Nbxc3 dxc3 18. Bxc3 Qb6 19. Bxg7 Kxg7 20. Ra3 Rfd8
21. Qa1+ Kg8 22. Nf4 Nd4 23. Nxe6 Nxe6 24. Rd1 a6 25. Bd5 Rac8 26. Bc4 Nd4 27.
Ra4 Nf3+ 28. Kg2 Qc6 29. Bf1 Nd2+ 30. Kg1 Nxb3 0-1

[Event "VL 2017/18"]
[Site "Mecklenburg-Vorpommern"]
[Date "2017.12.10"]
[Round "4.6"]
[White "Troyke, Jannis"]
[Black "Hantel, Thomas"]
[Result "1-0"]
[WhiteElo "1733"]
[BlackElo "1626"]
[PlyCount "41"]
[EventDate "2017.??.??"]
[EventType "team-tourn"]
[EventRounds "9"]
[SourceDate "2017.10.08"]
[WhiteTeam "Greifswalder SV II"]
[BlackTeam "HSG Uni Rostock"]

1. e4 c5 2. Nf3 d6 3. d4 cxd4 4. Nxd4 Nf6 5. Nc3 g6 6. Be3 Bg7 7. f3 O-O 8. Qd2
Nc6 9. O-O-O Bd7 10. g4 Rc8 11. h4 h5 12. Bh6 Ne5 13. Bxg7 Kxg7 14. gxh5 Nxh5
15. Rg1 Rh8 16. f4 Nc4 17. Bxc4 Rxc4 18. f5 Nf6 19. fxg6 fxg6 20. e5 Nh5 21.
Qd3 1-0

[Event "VL 2017/18"]
[Site "Mecklenburg-Vorpommern"]
[Date "2017.12.10"]
[Round "4.7"]
[White "Lueth, Jochen"]
[Black "Grehl, Tino"]
[Result "1/2-1/2"]
[WhiteElo "1599"]
[BlackElo "1869"]
[PlyCount "96"]
[EventDate "2017.??.??"]
[EventType "team-tourn"]
[EventRounds "9"]
[SourceDate "2017.10.08"]
[WhiteTeam "HSG Uni Rostock"]
[BlackTeam "Greifswalder SV II"]

1. e4 d5 2. exd5 Nf6 3. d4 Nxd5 4. c4 Nf6 5. h3 c5 6. d5 e6 7. Nc3 exd5 8. Nxd5
Nxd5 9. Qxd5 Qxd5 10. cxd5 Bd6 11. Be3 O-O 12. O-O-O Nd7 13. g4 a6 14. Ne2 Re8
15. Nc3 b6 16. Bg2 Bb7 17. Rhe1 Rac8 18. Bd2 Ne5 19. Be3 Nc4 20. b3 Nxe3 21.
fxe3 c4 22. Kb2 cxb3 23. Kxb3 Rc5 24. e4 Be5 25. Ne2 Rb5+ 26. Kc4 Rc8+ 27. Kd3
Ra5 28. Ke3 Rxa2 29. Rc1 Rac2 30. Rcd1 Kf8 31. Bf3 Ke7 32. g5 R8c5 33. Rc1 b5
34. Rxc2 Rxc2 35. Nc1 Bc8 36. Nd3 f6 37. gxf6+ gxf6 38. Bg4 Bxg4 39. hxg4 Kd6
40. Rh1 Rc7 41. g5 Rg7 42. gxf6 Bxf6 43. Rh6 Rg6 44. Rxh7 Bg7 45. Rh2 Rg3+ 46.
Kd2 a5 47. Rh1 b4 48. Rb1 Bc3+ 1/2-1/2

[Event "VL 2017/18"]
[Site "Mecklenburg-Vorpommern"]
[Date "2017.12.10"]
[Round "4.8"]
[White "Nauschuetz, Ernst"]
[Black "Bengtsson, Thomas"]
[Result "1-0"]
[WhiteElo "1849"]
[BlackElo "1532"]
[PlyCount "117"]
[EventDate "2017.??.??"]
[EventType "team-tourn"]
[EventRounds "9"]
[SourceDate "2017.10.08"]
[WhiteTeam "Greifswalder SV II"]
[BlackTeam "HSG Uni Rostock"]

1. c4 e5 2. g3 c6 3. d4 e4 4. Bg2 d5 5. Nc3 Nf6 6. cxd5 cxd5 7. Bg5 Be6 8. Qb3
Nc6 9. e3 Rb8 10. Nge2 h6 11. Bf4 Bd6 12. O-O O-O 13. Nb5 Bxf4 14. Nxf4 a6 15.
Nc3 Qd6 16. Rac1 g5 17. Nxe6 Qxe6 18. Na4 Nd7 19. Nc5 Nxc5 20. Rxc5 Ne7 21.
Rfc1 Rfc8 22. Qb4 Rxc5 23. Rxc5 Qd7 24. Qb6 Nc6 25. a3 Qd8 26. Qb3 Ne7 27. Bf1
b6 28. Rc3 a5 29. Bh3 h5 30. Bf1 Rc8 31. Be2 f5 32. Bxh5 Kg7 33. Be2 Rxc3 34.
bxc3 Qd6 35. c4 f4 36. cxd5 Nxd5 37. Bc4 Nf6 38. Be6 f3 39. h3 a4 40. Qa2 b5
41. g4 b4 42. axb4 Qxb4 43. Qc2 Qe1+ 44. Kh2 Qf1 45. Qc7+ Kh6 46. Qg3 a3 47. h4
a2 48. hxg5+ Kxg5 49. Qf4+ Kg6 50. Qf5+ Kg7 51. Qg5+ Kh7 52. Bf5+ Kh8 53. Qxf6+
Kg8 54. Be6+ Kh7 55. Qf7+ Kh6 56. g5+ Kxg5 57. Qg7+ Kh5 58. Bf7+ Kh4 59. Qg3#
1-0

[Event "VL 2017/18"]
[Site "Mecklenburg-Vorpommern"]
[Date "2017.12.10"]
[Round "4.1"]
[White "Kliewe, Hans Juergen"]
[Black "Rossmann, Andreas"]
[Result "1-0"]
[WhiteElo "2004"]
[BlackElo "1942"]
[PlyCount "69"]
[EventDate "2017.??.??"]
[EventType "team-tourn"]
[EventRounds "9"]
[SourceDate "2017.10.08"]
[WhiteTeam "ASV Wismar"]
[BlackTeam "SG Neubrandenburg"]

1. d4 Nf6 2. Nf3 e6 3. Bf4 c5 4. e3 cxd4 5. exd4 d5 6. Nbd2 Nc6 7. c3 Be7 8.
Bd3 h6 9. O-O O-O 10. Ne5 Nxe5 11. dxe5 Nd7 12. Nf3 f5 13. Nd4 Nc5 14. Bc2 Bd7
15. Re1 Rc8 16. Qh5 Qe8 17. Qh3 Qg6 18. Bd1 Bg5 19. Bg3 a6 20. f4 Be7 21. Re3
Qh7 22. Be1 g5 23. g3 Ne4 24. Bc2 Qg7 25. Kh1 Bc5 26. Rd1 b5 27. Re2 Qg6 28.
Bf2 Rf7 29. Be3 Rg7 30. Rg1 Kf7 31. g4 Bxd4 32. Bxd4 gxf4 33. gxf5 Qxf5 34.
Qxf5+ exf5 35. e6+ 1-0

[Event "VL 2017/18"]
[Site "Mecklenburg-Vorpommern"]
[Date "2017.12.10"]
[Round "4.2"]
[White "Hartung, Lothar"]
[Black "Littke, Helmut"]
[Result "0-1"]
[WhiteElo "1777"]
[BlackElo "1949"]
[PlyCount "74"]
[EventDate "2017.??.??"]
[EventType "team-tourn"]
[EventRounds "9"]
[SourceDate "2017.10.08"]
[WhiteTeam "SG Neubrandenburg"]
[BlackTeam "ASV Wismar"]

1. d4 Nf6 2. Nf3 c5 3. e3 d5 4. c3 g6 5. dxc5 Bg7 6. Bb5+ Bd7 7. Qd3 O-O 8.
Bxd7 Nbxd7 9. b4 a5 10. Bb2 e5 11. Qe2 e4 12. Nd4 Ne5 13. Nd2 Nd3+ 14. Kf1 Nxb2
15. N2b3 Nc4 16. a4 Nd7 17. g3 Bxd4 18. Nxd4 Nde5 19. Kg2 Qd7 20. Nb5 Nf3 21.
Rhd1 Ng5 22. Qf1 Qf5 23. Kh1 Rfd8 24. Nd4 Qf6 25. h4 Nf3 26. Nxf3 Qxf3+ 27. Qg2
Qf6 28. Rd4 Qc6 29. Qf1 axb4 30. cxb4 Rxa4 31. Rxa4 Qxa4 32. Qb1 Qc6 33. Qd1
Nb2 34. Qe2 Nd3 35. f3 Ra8 36. fxe4 dxe4 37. Qg4 Nf2+ 0-1